000 00331nam a2200145Ia 4500
005 20251222154330.0
008 251222s9999||||xx |||||||||||||| ||spa||
020 _a8481304417
082 _a800/T69
100 _aTomeo, Javier
245 0 _aEl Crimen del Cine Oriente
250 _a1ra.ed.
264 _bBibliotex
942 _cLIB
999 _c34099
_d34099